000 00607nam a2200181Ia 4500
008 090124s9999 xx 000 0 und d
082 _b39501
100 _aनेने विष्णु गणेश
245 _a पंचीकरण-मराठी
250 _a21
260 _bतुकाराम बुक डेपो
_c1987
300 _a244
600 _aनेने विष्णु गणेश
630 _a पंचीकरण-मराठी
700 _aनेने विष्णु गणेश
730 _a पंचीकरण-मराठी
942 _cBOOK
999 _c105601
_d105601